La incógnita del hombre

Saved in:
書目詳細資料
主要作者: Carrel, Alexis (Author)
格式: 圖書
語言:西班牙语
出版: Buenos Aires Joaquín Gil 1953
版:1a. ed
主題:
標簽: 添加標簽
沒有標簽, 成為第一個標記此記錄!

MARC

LEADER 00000cam a2200000 a 4500
001 UCD2898
003 CL-VaPUC
008 160520e19530000ag |||||||||||||||||spa|d
082 0 4 |a 573  |b CAR  |2 21 
100 0 |a Carrel, Alexis  |e author  |9 586302 
245 1 3 |a La incógnita del hombre 
250 |a 1a. ed 
300 |a 509 p 
942 |c BK 
945 |d 20160520 11:34:00  |a dcastane 
260 |a Buenos Aires  |b Joaquín Gil  |c 1953 
650 0 |a Antropología   |9 233030 
650 0 |a Antropología física  |9 308323 
650 0 |a Seres humanos  |9 313276 
583 |a last modification  |c 20160520 11:34:00  |k Rodrigo Vera 
999 |c 364007  |d 364005 
952 |0 0  |1 0  |3 erb  |4 0  |6 573_000000000000000_CAR_1953  |7 0  |8 A  |9 476914  |a FDOHBE  |b FDOHBE  |e Huesbe Llanos, Marco Antonio, 1934-  |i 5304873  |o 573 CAR 1953  |p 5304873  |r 2024-01-30  |w 2019-11-24  |y BK  |z Catalogado en:20160520  |k HBE